Система автоматической стабилизации модели вертолета; Ресурсоэффективным технологиям - энергию и энтузиазм молодых

Podrobná bibliografie
Parent link:Ресурсоэффективным технологиям - энергию и энтузиазм молодых.— 2013.— [С. 126-128]
Hlavní autor: Котов М. Г. Максим Геннадьевич
Korporativní autor: Национальный исследовательский Томский политехнический университет (ТПУ) Институт кибернетики (ИК) Кафедра автоматики и компьютерных систем (АИКС)
Další autoři: Замятин С. В. Сергей Владимирович
Shrnutí:Заглавие с титульного листа
Jazyk:ruština
Vydáno: 2013
Edice:Интеллектуальные информационно-телекоммуникационные системы мониторинга и управления
Témata:
On-line přístup:http://www.lib.tpu.ru/fulltext/c/2013/C08/053.pdf
Médium: MixedMaterials Elektronický zdroj Kapitola
KOHA link:https://koha.lib.tpu.ru/cgi-bin/koha/opac-detail.pl?biblionumber=241156

MARC

LEADER 00000naa2a2200000 4500
001 241156
005 20251215160019.0
035 |a (RuTPU)RU\TPU\book\262422 
035 |a RU\TPU\book\262374 
090 |a 241156 
100 |a 20130703d2013 k y0rusy50 ca 
101 0 |a rus 
102 |a RU 
135 |a drcn ---uucaa 
200 1 |a Система автоматической стабилизации модели вертолета  |f М. Г. Котов, С. В. Замятин 
215 |a 1 файл(520 Кб) 
225 1 |a Интеллектуальные информационно-телекоммуникационные системы мониторинга и управления 
300 |a Заглавие с титульного листа 
320 |a [Библиогр.: с. 128 (4 назв.)] 
337 |a Adobe Reader 
463 1 |0 (RuTPU)RU\TPU\book\260564  |t Ресурсоэффективным технологиям - энергию и энтузиазм молодых  |o сборник докладов IV Университетской конференции студентов Элитного технического образования, г. Томск, 24 -27 апреля 2013 г.  |f Национальный исследовательский Томский политехнический университет (ТПУ)  |v [С. 126-128]  |d 2013 
610 1 |a труды учёных ТПУ 
610 1 |a электронный ресурс 
610 1 |a автоматическая стабилизация 
610 1 |a вертолеты 
610 1 |a системы автоматического управления 
700 1 |a Котов  |b М. Г.  |g Максим Геннадьевич 
701 1 |a Замятин  |b С. В.  |c специалист в области автоматического управления  |c доцент Томского политехнического университета, кандидат технических наук  |f 1982-  |g Сергей Владимирович  |3 (RuTPU)RU\TPU\pers\25391 
712 0 2 |a Национальный исследовательский Томский политехнический университет (ТПУ)  |b Институт кибернетики (ИК)  |b Кафедра автоматики и компьютерных систем (АИКС)  |3 (RuTPU)RU\TPU\col\18698 
801 1 |a RU  |b 63413507  |c 20130205 
801 2 |a RU  |b 63413507  |c 20220329  |g RCR 
856 4 |u http://www.lib.tpu.ru/fulltext/c/2013/C08/053.pdf 
942 |c CF